00443 2200181 4500001002100000005001500021008004100036020002200077035001900099041000700118082001100125090001700136100001400153245001500167260002800182300003400210650001700244INLIS00000000002110320241224131000241224||||||||| | ||| |||| || |  a978-602-9328-14-1 0010-1224021103 aid0 a621.97 a621.97 DAR t0 aDaryanto.00aTeknik LAS aBandungbalfabetac2013 aTek30 (viii + 300) 16 x 24 cm 0ateknik mesin